|
|
|
|
| LEADER |
03535nam a2200505 4500 |
| 001 |
ocn742423648 |
| 003 |
OCoLC |
| 005 |
20180501121942.0 |
| 006 |
m o d |
| 007 |
cr cnu---unuuu |
| 008 |
110725s2011 enka o 000 0 eng d |
| 040 |
|
|
|a N$T
|b eng
|e pn
|c N$T
|d SFB
|d OCLCQ
|d OPELS
|d OCLCQ
|d OPELS
|d YDXCP
|d E7B
|d OCLCQ
|d DEBBG
|d MEU
|d GrThAP
|
| 019 |
|
|
|a 711574118
|a 747412082
|a 1029871299
|
| 020 |
|
|
|a 9780123859037
|q (electronic bk.)
|
| 020 |
|
|
|a 0123859034
|q (electronic bk.)
|
| 020 |
|
|
|a 9780123859020
|q (electronic bk.)
|
| 020 |
|
|
|a 0123859026
|q (electronic bk.)
|
| 035 |
|
|
|a (OCoLC)742423648
|z (OCoLC)711574118
|z (OCoLC)747412082
|z (OCoLC)1029871299
|
| 050 |
|
4 |
|a RC341
|b .I5 v. 96eb
|
| 072 |
|
7 |
|a MED
|x 057000
|2 bisacsh
|
| 072 |
|
7 |
|a PSY
|x 020000
|2 bisacsh
|
| 082 |
0 |
4 |
|a 612.8/042
|2 22
|
| 049 |
|
|
|a TEFA
|
| 245 |
0 |
0 |
|a Pharmacology of 5-ht6 receptors, part ii /
|c editor, Franco Borsini.
|
| 260 |
|
|
|a London :
|b Academic,
|c 2011.
|
| 300 |
|
|
|a 1 online resource (xiv, 232 pages) :
|b illustrations.
|
| 336 |
|
|
|a text
|b txt
|2 rdacontent
|
| 337 |
|
|
|a computer
|b c
|2 rdamedia
|
| 338 |
|
|
|a online resource
|b cr
|2 rdacarrier
|
| 490 |
1 |
|
|a International review of neurobiology ;
|v v. 96
|
| 505 |
0 |
|
|a The Central Role of 5-HT6 Receptors in Modulating Brain Neurochemistry / Lee A Dawson. -- 5-HT6 receptor memory and amnesia. Behavioral Pharmacology: Learning and Memory Processes / Alfredo Meneses, Pérez-García G, Tellez R, Ponce-Lopez T and C Castillo. -- Behavioral Pharmacology: Potential Antidepressant and Anxiolytic Properties / Anna Wesolowska, Magdalena Jastrzebska-Wiesek. -- The 5-Ht6 Receptor as a Target for Developing Novel Anti Obesity Drugs / David Heal, Jane Gosden, and Sharon Smith. -- Behavioral and neurochemical pharmacology of 5-HT6 receptors related to reward and reinforcement. / Gaetano Di Chiara, Valentina Valentini and Sandro Fenu. -- 5-HT6 Receptor Ligands and their Antipsychotic Potential / Jørn Arnt and Christina Kurre Olsen. -- 5-HT6 Receptor Ligands as Antidementia Drugs / Ellen Siobhan Mitchell.
|
| 588 |
0 |
|
|a Print version record.
|
| 520 |
|
|
|a The serotonin 5-HT6 receptor represents a novel pharmacological target whose impact on physiopathology of CNS functions remains undetermined. Some receptor antagonists have been synthesized and they show a modulatory role in learning and memory processes and food intake. The pharmacology of 5-HT6 receptor agonists is still under evaluation. However, both 5-HT6 antagonists and agonists seem to exert potential antidepressant activity. Recently, a second messenger system has been discovered. 5-HT6 receptor function is becoming more and more intriguing. Thus, the aim of the present book is to try to clarify the pharmacology of 5-HT6 receptors. written by expert researchers covers all published literature to date in the field of 5-HT6 receptors.
|
| 504 |
|
|
|a Includes bibliographical references and index.
|
| 546 |
|
|
|a Text in English.
|
| 650 |
|
0 |
|a Serotonin
|x Receptors.
|
| 650 |
|
0 |
|a Central nervous system
|x Pathophysiology.
|
| 650 |
|
0 |
|a Glutamate decarboxylase.
|
| 650 |
|
7 |
|a MEDICAL
|x Neuroscience.
|2 bisacsh
|
| 650 |
|
7 |
|a PSYCHOLOGY
|x Neuropsychology.
|2 bisacsh
|
| 655 |
|
4 |
|a Electronic books.
|
| 700 |
1 |
|
|a Borsini, Franco.
|
| 776 |
0 |
8 |
|i Print version:
|t Pharmacology of 5-ht6 receptors, part ii.
|d London : Academic, 2011
|z 0123859026
|w (OCoLC)694063010
|
| 830 |
|
0 |
|a International review of neurobiology ;
|v v. 96.
|
| 856 |
4 |
0 |
|u https://www.sciencedirect.com/science/bookseries/00747742/96
|z Full Text via HEAL-Link
|